Stolice państw po zdjęciach #2 - Statystyki

Ogólne statystyki
  • Ten quiz został rozwiązany 31 razy
  • Średni wynik to 7 z 8
Statystyki odpowiedzi
Obrazkowy Odpowiedź % Poprawnych
Londyn
100%
Paryż
100%
Moskwa
96%
Warszawa
96%
Tokio
88%
Pekin
79%
Budapeszt
75%
Waszyngton
67%
Nie znaleziono quizów pasujących do podanych kryteriów
Rozkład punktacji
Procent ludzi z każdym wynikiem
Percentyl według liczby udzielonych odpowiedzi
Twoja historia wyników
Nie rozwiązałeś tego quizu